000 01185cam a2200325 i 4500
001 17885013
005 20151019095843.0
008 130913t2014 nyua frbd 001 0 eng d
020 _a9780071497329 (alk. paper)
020 _a0071497323
040 _aDLC
_beng
_cDLC
_dDLC
_dEG-ScBUE
082 0 4 _a658.562
_bPAN
_222
100 1 _aPande, Peter S.
_938510
245 1 4 _aThe six sigma way :
_bHow to maximize the impact of your change and improvement efforts /
_cPeter S. Pande, Robert P. Neuman, and Roland R. Cavanagh.
250 _a2nd ed., Revised and fully updated.
260 _aNew York :
_bMcGraw-Hill Education,
_cc.2014.
300 _axix, 427 p. :
_bill. ;
_c24 cm.
500 _aIndex : p. 417-426.
500 _aGlossary : p. 397-408.
504 _aBibliography : p. 409-411.
650 0 _aSix sigma (Quality control standard)
_2BUEsh
650 0 _aQuality control
_xStatistical methods.
_2BUEsh
_910054
650 0 _aContinuous improvement process.
_2BUEsh
650 0 _aProduction management.
_2BUEsh
651 _2BUEsh
653 _bBUSADM
_cJune2015
_cOctober2015
700 1 _aNeuman, Robert P.
700 1 _aCavanagh, Roland R.
942 _2ddc
_k658.562 PAN
999 _c19893
_d19865